Geography Mega Generator Puzzle #5 - Take Your Time - Statistics

General Stats
  • This quiz has been taken 58 times
  • The average score is 22 of 37
Answer Stats
answer % Correct
Italy
84%
Oman
84%
Germany
82%
Rome
82%
Berlin
80%
Yemen
80%
Gabon
75%
Mali
73%
Angola
71%
Iran
71%
Libya
71%
Romania
71%
Malta
69%
Togo
67%
Eritrea
65%
Niger
65%
Lima
61%
Lomé
61%
Mongolia
61%
Bern
59%
Algeria
55%
Armenia
53%
BANGALORE
53%
Tonga
53%
Malé
51%
MONTERREY
51%
Riga
49%
Bogotá
47%
Gambia
47%
Tirana
45%
Gaborone
39%
Rabat
39%
Niamey
33%
Moroni
31%
Yaren
29%
Manila
27%
Malabo
25%
No matching quizzes found
Score Distribution
Percent of People with Each Score
Percentile by Number Answered
Your Score History
You have not taken this quiz